Little by little / Amber Stewart & Layn Marlow.
Available copies
- 1 of 1 copy available at LARL/NWRL Consortium. (Show)
- 1 of 1 copy available at Northwest Regional Library.
Current holds
0 current holds with 1 total copy.
Show Only Available Copies
| Location | Call Number / Copy Notes | Barcode | Shelving Location | Status | Due Date |
|---|---|---|---|---|---|
| Warroad Public Library | e STE (Text) | 35500004260616 | Main | Available | - |
Record details
- ISBN: 9780545061636 (hc)
- ISBN: 0545061636
- Physical Description: 1 v. (unpaged) : col. ill. ; 26 cm.
- Edition: 1st Scholastic ed.
- Publisher: New York, NY : Orchard Books, 2008.
Content descriptions
| Summary, etc.: | Otto is a young otter who can do many things well, ... Read More |
Search for related items by subject
| LDR | 01825pam a22004334a 4500 | ||
|---|---|---|---|
| 001 | 93525 | ||
| 003 | LARL_NWRL_CONSORTIUM | ||
| 005 | 20080722163855.0 | ||
| 008 | 070920s2008 nyua a 000 1 eng | ||
| 010 | . | ‡a2007033288 | |
| 020 | . | ‡a9780545061636 (hc) | |
| 020 | . | ‡a0545061636 | |
| 035 | . | ‡a(OCoLC)173243705 | |
| 040 | . | ‡aDLC ‡cDLC ‡dIG# ‡dBAKER ‡dBTCTA ‡dIH5 ‡dEHH | |
| 042 | . | ‡alcac | |
| 082 | 0 | 0. | ‡a[E] ‡222 |
| 100 | 1 | . | ‡aStewart, Amber. ‡0(LARL_NWRL_CONSORTIUM)194708 |
| 245 | 1 | 0. | ‡aLittle by little / ‡cAmber Stewart & Layn Marlow. |
| 250 | . | ‡a1st Scholastic ed. | |
| 260 | . | ‡aNew York, NY : ‡bOrchard Books, ‡c2008. | |
| 300 | . | ‡a1 v. (unpaged) : ‡bcol. ill. ; ‡c26 cm. | |
| 520 | . | ‡aOtto is a young otter who can do many things well, but swimming is not one of them until his older sister tells him to start small and, little by little, he is able to reach his goal, adding swimming to his "I can do" list. | |
| 650 | 0. | ‡aSwimming ‡vJuvenile fiction. | |
| 650 | 0. | ‡aDetermination (Personality trait) ‡vJuvenile fiction. | |
| 650 | 0. | ‡aSelf-confidence ‡vJuvenile fiction. ‡0(LARL_NWRL_CONSORTIUM)174910 | |
| 650 | 0. | ‡aOtters ‡vJuvenile fiction. | |
| 650 | 0. | ‡aBrothers and sisters ‡vJuvenile fiction. ‡0(LARL_NWRL_CONSORTIUM)163775 | |
| 650 | 1. | ‡aSwimming ‡vFiction. | |
| 650 | 1. | ‡aDetermination (Personality trait) ‡vFiction. | |
| 650 | 1. | ‡aSelf-confidence ‡vFiction. | |
| 650 | 1. | ‡aOtters ‡vFiction. | |
| 650 | 1. | ‡aBrothers and sisters ‡vFiction. ‡0(LARL_NWRL_CONSORTIUM)163634 | |
| 700 | 1 | . | ‡aMarlow, Layn. ‡0(LARL_NWRL_CONSORTIUM)193733 |
| 901 | . | ‡a93525 ‡bOCLC ‡c93525 ‡tbiblio | |

Add to basket
Permalink
Disable Highlighting